Loading...
| Fine Arts - Classical Music | 0 | 6 | 0 | 0 | 60 | 41 | 95.83 | 3 | 5 |
| Science - Biology | 0 | 5 | 0 | 1 | 50 | 67 | 93.20 | 1 | 4 |
| Mythology | 0 | 4 | 0 | 0 | 40 | 34 | 80.75 | 0 | 4 |
| Literature - World Literature | 0 | 2 | 0 | 0 | 20 | 80 | 93.50 | 1 | 2 |
| Fine Arts - Painting & Sculpture | 0 | 2 | 0 | 0 | 20 | 61 | 88.00 | 2 | 2 |
| Science - Other Science | 0 | 2 | 0 | 0 | 20 | 108 | 114.00 | 0 | 1 |
| History - Other History | 0 | 2 | 0 | 0 | 20 | 64 | 94.00 | 0 | 1 |
| Fine Arts - Other Fine Arts | 0 | 2 | 1 | 0 | 15 | 22 | 54.00 | 1 | 2 |
| Social Science | 0 | 1 | 0 | 0 | 10 | 96 | 96.00 | 0 | 1 |
| Other | 0 | 1 | 0 | 0 | 10 | 78 | 78.00 | 0 | 0 |
| Religion | 0 | 1 | 0 | 0 | 10 | 65 | 65.00 | 1 | 1 |
| Science - Physics | 0 | 1 | 0 | 1 | 10 | 110 | 110.00 | 0 | 1 |
| Science - Chemistry | 0 | 0 | 1 | 0 | -5 | 0.00 | 0 | 0 |